Les 10 meilleurs buteurs de la coupe du monde 2022 - Statistiques

Statistiques générales
  • Ce quiz a été pris 355 fois
  • Le résultat moyen est 5 sur 10
Statistiques - réponses
Buts Joueur % Correct
8 Mbappe
99%
7 Messi
99%
4 Giroud
83%
4 Alvarez
52%
3 Richarlison
29%
3 Valencia
29%
3 Rashford
26%
3 Gakpo
25%
3 Saka
25%
3 Morata
24%
Aucun quiz correspondant
Distribution des résultats
% des personnes avec chaque résultat
Percentile par nombre de réponses
Votre historique - résultats
Vous n’avez pas pris ce quiz